00912nam a2200253 a 450000100100000000500170001000800410002704000250006808200170009310000450011024500180015525000110017326000520018430000210023649000560025750000330031350000430034665000280038965000310041783000630044804900090051195201210052099900170064100002014020200929170302.0100722s1944 ag r 001 f spa d aDO-SdBNPbspacBNPHU a863.3bC718p1 aColoma Roldán, Luis,d1851-191594273510aPequeñeses. a2a ed. aBuenos Aires, Argentina :bEspasa-Calpe,c1944. a349 p. ;c18 cm.1 aAustral. Azul : novelas y cuentos en general ;v413 aIncluye índice de autores. aIncluye notas al pie de las páginas. 4aNovela española91123 4aLiteratura española9632 0aAustral. Azul : novelas y cuentos en general ;v413922386 aBNGR 001054708MOaGRbGRcCTd2010-07-22iLF1l0o863.3 C718pp20140-10r2020-06-25w2020-06-25y4ZPréstamo en sala c19648d19648